Reforma EÚ (dôraz na reformu inštitúcií)

Reformy týkajúce sa troch z najdôležitejších inštitúcií EÚ - Rady, Európskej komisie a Európskeho parlamentu.

Guardado en:
Detalles Bibliográficos
Autor principal: Kucharčík, Rudolf, 1977-
Formato: Capítulo de libro
Lenguaje:eslovaco
Materias:
Etiquetas: Agregar Etiqueta
Sin Etiquetas, Sea el primero en etiquetar este registro!

MARC

LEADER 00000naa$a2200000$$$4500
001 0241312
005 20240502073929.0
041 0 |a slo 
044 |a SK 
245 1 0 |a Reforma EÚ (dôraz na reformu inštitúcií)  |c Rudolf Kucharčík 
520 |a Reformy týkajúce sa troch z najdôležitejších inštitúcií EÚ - Rady, Európskej komisie a Európskeho parlamentu. 
610 2 0 |a Európska únia 
610 2 0 |a Európsky parlament 
610 2 0 |a Rada Európskej únie 
610 2 0 |a Európska komisia 
610 2 0 |a reformy 
100 1 |a Kucharčík, Rudolf, 1977-